Globalización, ciudadanía y política social en América Latina: tensiones y contradicciones /
Guardado en:
| Hovedforfatter: | |
|---|---|
| Andre forfattere: | |
| Format: | Ukendt |
| Udgivet: |
Caracas:
Nueva Sociedad
|
| Fag: | |
| Tags: |
Tilføj Tag
Ingen Tags, Vær først til at tagge denne postø!
|
MARC
| LEADER | 00000 a2200000 04500 | ||
|---|---|---|---|
| 001 | 31394 | ||
| 003 | |||
| 008 | 991231s d | ||
| 040 | |||
| 020 | |a 980-317-129-1 | ||
| 022 | |a 980-317-129-1 | ||
| 090 | |a 198303 | ||
| 100 | |a Pérez Baltodano | ||
| 245 | |a Globalización, ciudadanía y política social en América Latina: tensiones y contradicciones / |c Pérez Baltodano | ||
| 260 | |a Caracas: |b Nueva Sociedad | ||
| 300 | |a 224 p. | ||
| 650 | |a DEMOCRACIA | ||
| 650 | |a GLOBALIZACION | ||
| 650 | |a AMERICA LATINA | ||
| 650 | |a GASTOS SOCIALES | ||
| 700 | |a ed | ||
| 999 | |c 5204 |d 5204 | ||



